LEADER 01236nam a2200277 i 4500 001 000000199326 003 CaOOAMICUS 005 20110506000000.0 008 110506s1992 it u000 u ita u 013 $a178017 040 $aSeMil$bita 100 1 $aFreud, Sigmund,$d<1856-1939>.$0(OLS)http://semarc/name/2936 245 10$aPsicoanalisi dell'isteria e dell'angoscia /$cSigmund Freud. 260 $aRoma :$bGrandi Tascabili Economici Newton,$c1992. 300 $a453 p. ;$c22 cm. 490 0 $aGrandi tascabili economici [Newtoni ;$v152 650 4$aAngoscia.$0(OLS)http://semarc/subject/12862 650 4$aNevrosi.$0(OLS)http://semarc/subject/7217 650 4$aFreud, Sigmund <1856-1939> - Psicanalisi.$0(OLS)http://semarc/subject/26966 650 4$aIsterismo.$0(OLS)http://semarc/subject/10378 830 0$aGrandi tascabili economici ;$v152.$0(OLS)http://semarc/title/20817 850 $aSeMil 852 $aSeMil$W1$xVenegono$y1$m2O III 406$j149879$B149879$CSeMilBibl$Z2$F166736 $81 961 $aLascito: Spezzibottiani don Mario 996 $6245$aPsicoanalisi dell'isteria e dell'angoscia$9(OLS)http://semarc/title/288207 996 $6260$aRoma :$bGrandi Tascabili Economici Newton$9(OLS)http://semarc/publisher/38543 LEADER 01241nam a2200253 i 4500 001 000000118159 003 CaOOAMICUS 005 20050920000000.0 008 050920s1977 it u000 u ita u 013 $a90852 040 $aSeMil$bita 245 12$aI grandi disegni italiani nelle collezioni di Oxford :$bAshmolean Museum e Christ Church Picture Gallery /$ca cura di Terisio Pignatti. 260 $aMilano :$bSilvana Editoriale d'Arte,$ccopyr. 1977. 300 $a255 p. :$briccamente ill. ;$c32 cm. 500 $aIn custodia. - Fondo Ciprandi. 650 4$aDisegni italiani - Sec. 15. -18. - Oxford - Ashmolean Museum.$0(OLS)http://semarc/subject/21975 650 4$aDisegni italiani - Sec. 15.-18. - Oxford - Christ Church.$0(OLS)http://semarc/subject/21976 700 1 $aPignatti, Terisio.$0(OLS)http://semarc/name/4850 850 $aSeMil 852 $aSeMil$W1$xVenegono$y1$m5U IX 12$j73480$B73480$CSeMilBibl$Z2$F103159 $8I 941 1 $a1 961 $aOmaggio: Ciprandi dott. Paolo 996 $6245$aI grandi disegni italiani nelle collezioni di Oxford :$bAshmolean Museum e Christ Church Picture Gallery$9(OLS)http://semarc/title/173556 996 $6260$aMilano :$bSilvana Editoriale d'Arte$9(OLS)http://semarc/publisher/34189